| 000 | 00810nam a2200253 a 4500 | ||
|---|---|---|---|
| 001 | 000011139 | ||
| 003 | DO-SdBNP | ||
| 005 | 20240412074223.0 | ||
| 008 | 091014s1980 dr a 000 p spa d | ||
| 040 |
_aDO-SdBNP _bspa _cBNPHU |
||
| 082 | 4 |
_aRD863.44 _bP438h _222 |
|
| 100 | 1 |
_aPérez Palacio, Frank, _d1948- _926652 |
|
| 245 | 1 | 3 |
_aLa hora cero / _cFrank Pérez Palacio ; prólogo Gabriel García Marquez. |
| 260 |
_aSanto Domingo : _b[s.n.] , _c1980. |
||
| 300 |
_a70 p. : _bil. ; _c19 cm. |
||
| 490 | 1 | _aNacional | |
| 590 | _aInventariado, 2020/MFF | ||
| 650 | 0 |
_aCuentos dominicanos _9176 |
|
| 650 | 0 |
_aLiteratura dominicana. _967 |
|
| 700 | 1 |
_aGarcía Márquez, Gabriel, _b1928-2014 _epról. _91804 |
|
| 830 | 0 |
_aNacional _926374 |
|
| 910 | _aValidado. Control de calidad MMOLINA | ||
| 942 |
_2ddc _cLBS1 |
||
| 999 |
_c10864 _d10864 |
||